000 01671nam0a2200361 4500
001 RU\NLR\BIBL_A\022406038
005 20260420022852.0
010 _a978-5-04-195292-1
_93000
021 _aRU
_bКН-П-24-064707
_9КН-П-24-6448
035 _a(NLR Aleph) 022406038
090 _a13670744
_c13670744
100 _a20241209d2024 d y0rusy50 ca
101 0 _arus
_cdan
102 _aRU
105 _aa z 000ay
181 0 _ai
_baxxe
182 0 _an
200 1 _aГадкий утенок
_eсказки
_e[для среднего школьного возраста]
_fГ.-Х. Андерсен
_gперевод с датского Анны и Петра Ганзен
_gиллюстрации Либико Марайн
203 _aТекст
_aИзображение
_bвизуальные
_cнепосредственные
210 _aМосква
_cЭксмо
_d2024
215 _a75, [4] с.
_cцв. ил.
_d27
225 1 _aИскусство иллюстрации
_iКоллекция утонченных книг
327 1 _aСодерж.: Стойкий оловянный солдатик; Цветы маленькой Иды; Дикие лебеди; Гадкий утёнок
333 _a6+
686 0 _aШ9(4Д)62-4
700 1 _7ca
_8rus
_aАндерсен
_bХ. К.
_f1805-1875
_gХанс Кристиан
_9112181
_3RU\NLR\AUTH\772165
702 1 _4440
_7ca
_8rus
_aМарайя
_bЛ.
_f1912-1983
_gЛибико
_944467
_3RU\NLR\AUTH\7761537
942 _cBOOK
980 _aNB